000 00545nam a2200181 a 4500
005 20230608064022.0
008 991125s1965 es 000 0 spa u
035 _aUPN01000023817
049 _aCG
050 4 _aQ175
_bB7.38
100 1 _aBraithwaite, Richard B.,
_d1900-1990
245 1 3 _aLa explicación científica /
_cRichard B. Braithwaite ; tr. Víctor Sánchez de Zavala.
260 _aMadrid :
_bTecnos,
_c1965.
300 _a410 p.
440 0 _aEstructura y función ;
_v15
650 4 _aCiencia
_xMetodología
_95804
905 _aLibro
999 _c23817
_d23817